Catalog

Record Details

Catalog Search



Available copies

  • 1 of 1 copy available at LARL/NWRL Consortium. (Show)
  • 1 of 1 copy available at Northwest Regional Library.

Current holds

0 current holds with 1 total copy.

Show Only Available Copies
Location Call Number / Copy Notes Barcode Shelving Location Status Due Date
Roseau Public Library j DAO (Text) 35500006817108 Main Available -

Record details

  • ISBN: 9780374388850
  • ISBN: 0374388857
  • Physical Description: 309 pages ; 22 cm
  • Edition: First edition.
  • Publisher: New York : Farrar Straus Giroux, 2024.

Content descriptions

Summary, etc.:
"When Iggy Morales's stylish cat, Tuba, becomes ... Read More
Target Audience Note:
Ages 8-12. Farrar Straus Giroux.
Subject: Carnivals > Juvenile fiction.
Siblings > Juvenile fiction.
Siblings > Fiction.
Haunted places > Fiction.
Carnivals > Fiction.
Vietnamese Americans > Fiction.
Mystery and detective stories.
JUVENILE FICTION / General.
Genre: Detective and mystery fiction.
Novels.
LDR 02889cam a22005298i 4500
001447711
003LARL_NWRL_CONSORTIUM
00520241010130558.0
008240520s2024 nyu j 000 1 eng
010 . ‡a 2023054765
040 . ‡aDLC ‡beng ‡erda ‡cDLC ‡dOCLCO ‡dCHILD ‡dOCLCO ‡dTOH ‡dLE# ‡dOCLCO ‡dOJ4 ‡dJCX ‡dOCLCO
020 . ‡a9780374388850 ‡q(hardcover)
020 . ‡a0374388857 ‡q(hardcover)
035 . ‡a(OCoLC)1407026650
042 . ‡apcc
08200. ‡a[Fic] ‡223
1001 . ‡aDao, Julie C., ‡eauthor. ‡1https://id.oclc.org/worldcat/entity/E39PBJwhy4bHHVqtqH3KYdr8YP ‡0(LARL_NWRL_CONSORTIUM)223423
24510. ‡aTeam Chu and the wild ghost chase / ‡cJulie C. Dao.
250 . ‡aFirst edition.
264 1. ‡aNew York : ‡bFarrar Straus Giroux, ‡c2024.
300 . ‡a309 pages ; ‡c22 cm
336 . ‡atext ‡btxt ‡2rdacontent
337 . ‡aunmediated ‡bn ‡2rdamedia
338 . ‡avolume ‡bnc ‡2rdacarrier
4900 . ‡aTeam Chu ; ‡v3
5211 . ‡aAges 8-12. ‡bFarrar Straus Giroux.
520 . ‡a"When Iggy Morales's stylish cat, Tuba, becomes famous on social media, he scores an invite to a star-studded pet fashion show at Spooky World. The family-friendly, Halloween-themed indoor carnival is the place to be on the last weekend in October, so of course Iggy brings all of his friends, including Clip and Sadie. The kids expect to ride thrilling rollercoasters, play games in the midway, and eat fried dough and candy apples, but they encounter a different kind of excitement instead: a ghost called the Weeping Lady, who has haunted Spooky World for decades, appears and asks for their help. The Weeping Lady sends Iggy and his friends on a mysterious, action-packed scavenger hunt all over the sprawling theme park, giving them cryptic clues and communicating with Iggy's seemingly clairvoyant cat, Tuba. If the kids can piece the story together and complete this wild ghost chase, they might just uncover the truth behind what really happened to Spooky World's most infamous spirit."-- ‡cProvided by publisher.
650 0. ‡aCarnivals ‡vJuvenile fiction.
650 0. ‡aSiblings ‡vJuvenile fiction.
650 1. ‡aSiblings ‡vFiction.
650 1. ‡aHaunted places ‡vFiction.
650 1. ‡aCarnivals ‡vFiction. ‡0(LARL_NWRL_CONSORTIUM)164343
650 1. ‡aVietnamese Americans ‡vFiction.
650 1. ‡aMystery and detective stories. ‡0(LARL_NWRL_CONSORTIUM)176113
650 7. ‡aJUVENILE FICTION / General. ‡2bisacsh
655 7. ‡aDetective and mystery fiction. ‡2lcgft
655 7. ‡aNovels. ‡2lcgft
901 . ‡a447711 ‡bAUTOGEN ‡c447711 ‡tbiblio

Additional Resources